[Event "Guwahati Sakatam op 1st"]
[Site "Guwahati"]
[Date "2024.03.23"]
[Round "2"]
[White "Ashutosh, Buragohain"]
[Black "Mishra, Neeraj Kumar"]
[Result "0-1"]
[WhiteElo "1539"]
[BlackElo "2150"]
[PlyCount "88"]
[EventDate "2024.03.23"]
[EventType "swiss"]
[EventRounds "10"]
[EventCountry "IND"]
[SourceTitle "CB15_2024"]
[SourceDate "2024.04.10"]
[SourceVersion "1"]
[SourceVersionDate "2024.04.10"]
[SourceQuality "1"]

1. e4 c5 2. Nf3 e6 3. Nc3 a6 4. d3 Nc6 5. g3 d6 6. Bg2 Nf6 7. 0-0 Be7 8. Re1 Qc7 9. Bf4 Nd7 10. Bg5 Bxg5 11. Nxg5 h6 12. Nh3 0-0 13. f4 b5 14. f5 Nf6 15. fxe6 fxe6 16. Nf4 b4 17. Nb1 e5 18. Nd5 Nxd5 19. exd5 Ne7 20. c4 bxc3 21. Nxc3 Rb8 22. b3 Bf5 23. Rf1 Qd7 24. Qd2 Rb4 25. Be4 Rbb8 26. Bg2 Bh3 27. Qe2 Bg4 28. Qd2 Bh5 29. Be4 Qg4 30. Qg2 Qg5 31. Rae1 Rxf1+ 32. Qxf1 Qd2 33. Rc1 Qe3+ 34. Kg2 Rf8 35. Qe1 Bf3+ 36. Kh3 Qg5 37. Bxf3 Rxf3 38. Qd1 Qf5+ 39. Kg2 Rxd3 40. Qe2 Nxd5 41. Nxd5 Rxd5 42. Qxa6 Rd2+ 43. Kh1 Qf3+ 44. Kg1 Qg2# 0-1